000 01228cam a22002891i 4500
003 SA-RiAUC
005 20251105112711.0
008 251103s2004____su a g 00010dara c
040 _aSA-JeALM
_bara
_cSA-RiAUC
_erda
072 7 _a020
082 0 4 _a216.7
_qSA-RiAUC
090 _a216.7
_bع ي د
100 1 _aالعيد، نوال عبد العزيز
_eمؤلف.
245 1 0 _aكيف تنصر نبيك صلى الله عليه وسلم /
_cنوال بنت عبد العزيز العيد.
250 _aالطبعة الأولى.
264 1 _aالرياض :
_bنوال بنت عبد العزيز العيد.
_c2007
300 _a16 صفحة :
_bإيضاحيات ؛
_c24 سم.
336 _aنص
_btxt
_2rdacontent
_3كتاب
337 _aبدون وسيط
_bn
_2rdamedia
338 _aمجلد
_bnc
_2rdacarrier
490 1 _aالثقافة الإسلامية ؛
_v2
600 0 7 _aمحمد (صلى الله عليه وسلم)،
_d53 قبل الهجرة-11 هجري
_2aucnm
650 7 _aالسيرة النبوية
_xدفع مطاعن
_2aucsh
830 2 _aالثقافة الإسلامية (دار الحضارة للنشر والتوزيع)
_v2
942 _2ddc
_cBOOK
_n0
949 _aSA-JeALM
_d251103
_umohamedma123
_n1
999 _c13000
_d13000